Joueurs anglais passé au Barça - Statistiques

Statistiques générales
  • Ce quiz a été pris 25 fois
    19 depuis la dernière actualisation
  • Le résultat moyen est 1 sur 12
Statistiques - réponses
Hint Réponse % Correct
2025 - Aujourd'hui Rashford
94%
1986 - 1989 Lineker
44%
1912 - 1913 Alderson
0%
1912 - 1917 Greewell
0%
1912 - 1913 Lambe
0%
1901 - 1902 Morris
0%
1901 - 1902 Morris
0%
1902 - 1902 Morris
0%
1922 - 1923 Stamper
0%
1909 - 1911 Wallace
0%
1907 - 1914 Wallace
0%
1899 - 1905 Witty
0%
Aucun quiz correspondant
Distribution des résultats
% des personnes avec chaque résultat
Percentile par nombre de réponses
Votre historique - résultats
Vous n’avez pas pris ce quiz depuis la dernière actualisation